000 00377nam a2200145Ia 4500
008 231129s1987||||xx |||||||||||||| ||spa||
020 _a84-270-0330-7
040 _bspa
082 _a794.12 V954e
100 _aVoronkov B.
245 0 _aErrores tí­picos
260 _c1987
264 _aEdiciones Martí­nez Roca
942 _2ddc
_cBKS
999 _c13292
_d13292